| 000 -LEADER |
| fixed length control field |
02194cam a22004814a 4500 |
| 001 - CONTROL NUMBER |
| control field |
14654032 |
| 005 - DATE AND TIME OF LATEST TRANSACTION |
| control field |
20200227172401.0 |
| 008 - FIXED-LENGTH DATA ELEMENTS--GENERAL INFORMATION |
| fixed length control field |
061201s2006 bccab b 001 0 eng c |
| 010 ## - LIBRARY OF CONGRESS CONTROL NUMBER |
| LC control number |
2007390031 |
| 016 ## - NATIONAL BIBLIOGRAPHIC AGENCY CONTROL NUMBER |
| Record control number |
20069005702 |
| 020 ## - INTERNATIONAL STANDARD BOOK NUMBER |
| International Standard Book Number |
1554200237 |
| 020 ## - INTERNATIONAL STANDARD BOOK NUMBER |
| International Standard Book Number |
9781554200238 |
| 035 ## - SYSTEM CONTROL NUMBER |
| System control number |
(OCoLC)ocm64503259 |
| 040 ## - CATALOGING SOURCE |
| Original cataloging agency |
NLC |
| Language of cataloging |
eng |
| Transcribing agency |
NLC |
| Modifying agency |
BAKER |
| -- |
VP@ |
| -- |
YDXCP |
| -- |
TXA |
| -- |
WAU |
| -- |
BTCTA |
| -- |
DLC |
| 041 ## - LANGUAGE CODE |
| Language code of text/sound track or separate title |
eng |
| 042 ## - AUTHENTICATION CODE |
| Authentication code |
pcc |
| 043 ## - GEOGRAPHIC AREA CODE |
| Geographic area code |
n-cn-bc |
| 050 00 - LIBRARY OF CONGRESS CALL NUMBER |
| Classification number |
E78.B9 |
| Item number |
W54 2006 |
| 055 #3 - CLASSIFICATION NUMBERS ASSIGNED IN CANADA |
| Classification number |
E78 B9 |
| Item number |
W54 2006 |
| 080 ## - UNIVERSAL DECIMAL CLASSIFICATION NUMBER |
| Universal Decimal Classification number |
639.6 W-69 |
| 100 1# - MAIN ENTRY--PERSONAL NAME |
| Personal name |
Williams, Judith, |
| Dates associated with a name |
1940- |
| 9 (RLIN) |
7599 |
| 245 10 - TITLE STATEMENT |
| Title |
Clam gardens : |
| Remainder of title |
aboriginal mariculture on Canada's west coast / |
| Statement of responsibility, etc. |
Judith Williams. |
| 246 30 - VARYING FORM OF TITLE |
| Title proper/short title |
Aboriginal mariculture on Canada's west coast |
| 264 ## - PRODUCTION, PUBLICATION, DISTRIBUTION, MANUFACTURE, AND COPYRIGHT NOTICE |
| Place of production, publication, distribution, manufacture |
Vancouver ; |
| Name of producer, publisher, distributor, manufacturer |
New Star Books, |
| Date of production, publication, distribution, manufacture, or copyright notice |
c2006. |
| 300 ## - PHYSICAL DESCRIPTION |
| Extent |
127 p. : |
| Other physical details |
ill., maps ; |
| Dimensions |
25 cm. |
| 440 #0 - SERIES STATEMENT/ADDED ENTRY--TITLE |
| Title |
Transmontanus ; |
| Volume/sequential designation |
15 |
| 9 (RLIN) |
7600 |
| 504 ## - BIBLIOGRAPHY, ETC. NOTE |
| Bibliography, etc. note |
Includes bibliographical references and index. |
| 650 #0 - SUBJECT ADDED ENTRY--TOPICAL TERM |
| Topical term or geographic name entry element |
Indians of North America |
| General subdivision |
Fishing |
| Geographic subdivision |
British Columbia |
| -- |
Broughton Archipelago. |
| 9 (RLIN) |
7601 |
| 650 #0 - SUBJECT ADDED ENTRY--TOPICAL TERM |
| Topical term or geographic name entry element |
Indians of North America |
| General subdivision |
Fishing |
| Geographic subdivision |
British Columbia |
| -- |
Quadra Island. |
| 9 (RLIN) |
7602 |
| 650 #0 - SUBJECT ADDED ENTRY--TOPICAL TERM |
| Topical term or geographic name entry element |
Indians of North America |
| General subdivision |
Fishing |
| Geographic subdivision |
British Columbia |
| -- |
Cortes Island. |
| 9 (RLIN) |
7603 |
| 650 #0 - SUBJECT ADDED ENTRY--TOPICAL TERM |
| Topical term or geographic name entry element |
Indians of North America |
| General subdivision |
Fishing |
| Geographic subdivision |
British Columbia |
| -- |
Desolation Sound Region. |
| 9 (RLIN) |
7604 |
| 650 #0 - SUBJECT ADDED ENTRY--TOPICAL TERM |
| Topical term or geographic name entry element |
Clam culture |
| Geographic subdivision |
British Columbia |
| -- |
Broughton Archipelago |
| General subdivision |
History. |
| 9 (RLIN) |
7605 |
| 650 #0 - SUBJECT ADDED ENTRY--TOPICAL TERM |
| Topical term or geographic name entry element |
Clam culture |
| Geographic subdivision |
British Columbia |
| -- |
Quadra Island |
| General subdivision |
History. |
| 9 (RLIN) |
7606 |
| 650 #0 - SUBJECT ADDED ENTRY--TOPICAL TERM |
| Topical term or geographic name entry element |
Clam culture |
| Geographic subdivision |
British Columbia |
| -- |
Cortes Island |
| General subdivision |
History. |
| 9 (RLIN) |
7607 |
| 650 #0 - SUBJECT ADDED ENTRY--TOPICAL TERM |
| Topical term or geographic name entry element |
Clam culture |
| Geographic subdivision |
British Columbia |
| -- |
Desolation Sound Region |
| General subdivision |
History. |
| 9 (RLIN) |
7608 |
| 653 ## - INDEX TERM--UNCONTROLLED |
| keyword |
აბორიგენული მებაღეობა კანადის დასავლეთ სანაპიროზე |
| 653 ## - INDEX TERM--UNCONTROLLED |
| keyword |
სოფლის მეურნეობა |
| 856 41 - ELECTRONIC LOCATION AND ACCESS |
| Materials specified |
Table of contents |
| Uniform Resource Identifier |
http://www.loc.gov/catdir/toc/fy0803/2007390031.html |
| 906 ## - LOCAL DATA ELEMENT F, LDF (RLIN) |
| a |
7 |
| b |
cbc |
| c |
pccadap |
| d |
3 |
| e |
ncip |
| f |
20 |
| g |
y-gencatlg |
| 942 ## - ADDED ENTRY ELEMENTS (KOHA) |
| Source of classification or shelving scheme |
|
| Koha item type |
წიგნი |